000 00248 a2200097 4500
001 64086
090 _c37855
_d37855
100 _aShahrukh Rafi Khan
245 _aPakistan under musharraf (1999-2002):Economic Reform and Political change
260 _bVanguard
942 _aNUST-CAE
999 _c299159
_d299159